उपकार : प्रैक्टिस वर्क-बुक : (Record no. 121774)

MARC details
000 -LEADER
fixed length control field 01037nam a22002537a 4500
005 - DATE AND TIME OF LATEST TRANSACTION
control field 20170124103220.0
010 ## - LIBRARY OF CONGRESS CONTROL NUMBER
LC control number B-044445
020 ## - INTERNATIONAL STANDARD BOOK NUMBER
Terms of availability 98.00
035 ## - SYSTEM CONTROL NUMBER
System control number B-044445
037 ## - SOURCE OF ACQUISITION
Source of stock number/acquisition Cen Lib/Ret
040 ## - CATALOGING SOURCE
Original cataloging agency DPL
Language of cataloging HN
082 ## - DEWEY DECIMAL CLASSIFICATION NUMBER
Classification number 910
Item number उपका
110 ## - MAIN ENTRY--CORPORATE NAME
Corporate name or jurisdiction name as entry element आगरा.उपकार प्रकाशन
9 (RLIN) 100829
245 ## - TITLE STATEMENT
Title उपकार : प्रैक्टिस वर्क-बुक :
Remainder of title भूगोल /
246 ## - VARYING FORM OF TITLE
Title proper/short title Upkar : practice work-book : Bhugol /
260 ## - PUBLICATION, DISTRIBUTION, ETC. (IMPRINT)
Place of publication, distribution, etc आगरा
Name of publisher, distributor, etc उपकार प्रकाशन
270 ## - ADDRESS
Address 2/11ए, स्वदेशी बीमा नगर (शाह सिनेमा के सामने)
City आगरा
Postal code 282 002
300 ## - PHYSICAL DESCRIPTION
Extent vii,264पृ.
Dimensions 24सेमी(सजिल्द)
650 ## - SUBJECT ADDED ENTRY--TOPICAL TERM
Topical term or geographic name as entry element भूगोल
9 (RLIN) 134719
650 ## - SUBJECT ADDED ENTRY--TOPICAL TERM
Topical term or geographic name as entry element भूगोल -- प्रैक्टिस पेपर
9 (RLIN) 2406
650 ## - SUBJECT ADDED ENTRY--TOPICAL TERM
Topical term or geographic name as entry element Geography
9 (RLIN) 134720
650 ## - SUBJECT ADDED ENTRY--TOPICAL TERM
Topical term or geographic name as entry element Geography - Practice Paper
9 (RLIN) 100832
942 ## - ADDED ENTRY ELEMENTS (KOHA)
Source of classification or shelving scheme Dewey Decimal Classification
Koha item type Hindi Books
Classification part 910
Call number suffix उपका
Holdings
Withdrawn status Lost status Damaged status Not for loan Home library Current library Date acquired Source of acquisition Cost, normal purchase price Total Checkouts Total Renewals Full call number Barcode Date last seen Date checked out Copy number Cost, replacement price Price effective from Koha item type
        Central Library Central Library 13/10/2015 Cen Lib/Ret 98.00 7 2 910 उपका B-044445 20/08/2025 05/07/2025 1 98.00 13/10/2015 Hindi Books

© Delhi Public Library
Hit Counter
free hit counter